000 00271nam a2200121Ia 4500
008 190216s9999||||xx |||||||||||||| ||und||
100 _aNaidu B B
245 0 _aLaw And Practice Of Income Tax
260 _bNull
_c1980
300 _a441p
650 _aCommerce
942 _cBK
999 _c4784
_d4784